00338nam a2200133Ia 450000500170000000800410001702000070005808200150006510000140008024500450009426000320013930000130017150000200018420250424054237.0240331s9999 xx 000 0 und d a  a294.5bRAJ aRaju, T.S 0aBarathy pootiya pannarum upanidatha nool aChennaibNeru Achagumc1982 a144 p ., aUbanitatha nool